| 000 | 01527cam a22004098i 4500 | ||
|---|---|---|---|
| 005 | 20230714115939.0 | ||
| 008 | 130712s2013 ilu 000 0 eng | ||
| 010 | _a 2013026954 | ||
| 020 | _a0071820779 | ||
| 020 | _a9780071820776 (book and cd set) | ||
| 040 |
_aDLC _beng _cDLC _erda _dDLC |
||
| 042 | _apcc | ||
| 082 | 0 | 0 |
_a428.24 _223 _bSWI-E |
| 100 | 1 | _aSwick, Edward. | |
| 245 | 1 | 0 |
_aESL Demystified / _cEd Swick. |
| 260 |
_aNew York _bMcGraw Hill _c2014 |
||
| 263 | _a1311 | ||
| 264 | 1 |
_aChicago : _bMcGraw-Hill Education, _c[2014] |
|
| 300 | _apages cm. | ||
| 300 |
_a1 audio disc: _bdigital,CD audio; _c4 3/4 in. |
||
| 336 |
_atext _2rdacontent |
||
| 336 |
_3book _atext _2rdacontent |
||
| 336 |
_3audio CD _aspoken word _2rdacontent |
||
| 337 |
_aunmediated _2rdamedia |
||
| 337 |
_3book _aunmediated _2rdamedia |
||
| 337 |
_3audio CD _aaudio _2rdamedia |
||
| 338 |
_avolume _2rdacarrier |
||
| 338 |
_3book _avolume _2rdacarrier |
||
| 338 |
_3audio CD _aaudio disc _2rdacarrier |
||
| 650 | 0 |
_aEnglish language _vTextbooks for foreign speakers. |
|
| 650 | 0 |
_aEnglish language _xGrammar _vProblems, exercises, etc. |
|
| 856 | 4 | 2 |
_3Contributor biographical information _uhttp://www.loc.gov/catdir/enhancements/fy1318/2013026954-b.html |
| 856 | 4 | 2 |
_3Publisher description _uhttp://www.loc.gov/catdir/enhancements/fy1318/2013026954-d.html |
| 906 |
_a7 _brix _corignew _d1 _eecip _f20 _gy-gencatlg |
||
| 999 |
_c25991 _d25991 |
||